| 000 | 00608nam a2200205 4500 | ||
|---|---|---|---|
| 003 | OSt | ||
| 005 | 20240618031326.0 | ||
| 006 | a | ||
| 008 | 240618b |||||||| |||| 00| 0 eng d | ||
| 020 | _a9798080254 | ||
| 040 |
_aDWCL-Main lib. _cOC |
||
| 082 | _aCirc. 305.409 A245w 1996 | ||
| 110 | _aASEAN Secretariat | ||
| 245 | _aThe advancement of women in ASEAN : a regional report / | ||
| 260 |
_aJakarta, Indonesia : _bASEAN Secretariat, _cc1996. |
||
| 300 |
_avi, _b63 p. : col. ill. ; _c23 cm. |
||
| 650 | _a1. Women–Southeast Asia. | ||
| 710 | _aASEAN Secretariat | ||
| 942 |
_2ddc _n0 _cBK-CIRC _kCirc. |
||
| 999 |
_c803 _d803 |
||